01134nam a2200241 a 450000100100000000500170001000800410002702000150006804000250008310000270010824500980013526000510023330000210028449000700030549000300037550000730040550201470047850400310062583000780065683000360073495201050077099900170087500003936320210629083419.0130625s2004 dr 000 0 spa d a9993477362 aDO-SdBNPbspacBNPHU1 aLinares, Manuel95345410aEvolución de la política social dominicana :b1990-2000 /csustentado por Manuel Linares. aSanto Domingo :bEditora Universitaria,c2004. a186 p. ;c28 cm.1 aPublicación de la Universidad Autónoma de Santo Domingov11931 aEconomía y Sociedadv18 aIncluye referencias bibliográficas y notas al pie de las páginas aTrabajo académico (tesina) para obtener la suficiencia investigativa en el en el doctorado en economía "nuevos retos en la globalización aBibliografía : p.179-186 aPubliacaciones de la Universidad Autónoma de Santo Domingov1193956533 0aEconomía y Sociedadv1899447 0010718PDaPDbPDcHDd2013-06-25iLF1l0o p39363-10r2020-06-25w2020-06-25yLFPDZNo se presta c38853d38853